| 000 | 00747nam a2200217Ia 4500 | ||
|---|---|---|---|
| 005 | 20241129105922.0 | ||
| 008 | 241129s9999||||xx |||||||||||||| ||und|| | ||
| 020 | _a978-81-7975-817-5 | ||
| 037 | _aTB | ||
| 040 |
_aARTS _bhin _cARTS |
||
| 041 |
_ahin _2hin |
||
| 084 |
_aY5927 152Q8 _qARTS |
||
| 100 | _aप्रदीप कुमार, ले. | ||
| 245 | 0 |
_aदलित आंदोलन: बसपा एक विकल्प ? _cप्रदीप कुमार, ले. |
|
| 260 |
_aनई दिल्ली, भारत _bअनामिका पब्लिशर्स _c2019 |
||
| 300 | _a444पृ0 | ||
| 365 |
_aINR _b995 |
||
| 650 | _aSociology | ||
| 942 |
_cTB _hY5927 152Q8 |
||
| 999 |
_c1226577 _d1226577 |
||